Monetising Content through Delivery of Advertisements: <The> Case of Ad Blockers

Webové stránky, ktoré používajú obsah ako hlavné aktíva, musia zabezpečiť trvalý príjem zo svojich digitálnych projektov. Spolu s predplatnými modelmi to hlavne dosahujú efektívnym poskytovaním reklám svojim čitateľom. Používatelia ale predstavujú opozíciu, chránia si súkromie a snažia sa zlepšiť sv...

Description complète

Enregistré dans:
Détails bibliographiques
Auteur principal: Miklošík, Andrej
Autres auteurs: Kuchta, Martin, 1990-, Žák, Štefan, 1971-
Format: Chapitre de livre
Langue:anglais
Sujets:
Tags: Ajouter un tag
Pas de tags, Soyez le premier à ajouter un tag!

MARC

LEADER 00000nla a2200000 4500
001 0247008
005 20240502083659.5
041 0 |a eng 
044 |a CZ 
245 1 0 |a Monetising Content through Delivery of Advertisements: <The> Case of Ad Blockers  |c Andrej Miklošík, Martin Kuchta, Štefan Žák 
520 |a Webové stránky, ktoré používajú obsah ako hlavné aktíva, musia zabezpečiť trvalý príjem zo svojich digitálnych projektov. Spolu s predplatnými modelmi to hlavne dosahujú efektívnym poskytovaním reklám svojim čitateľom. Používatelia ale predstavujú opozíciu, chránia si súkromie a snažia sa zlepšiť svoju používateľskú skúsenosť blokovaním reklám. Dôsledkom je, že vydavatelia obsahu strácajú príjmy, priamo súvisiace s počtom zobrazenia reklamy. 
610 2 0 |a inzercia 
610 2 0 |a reklama 
610 2 0 |a obchod elektronický 
610 2 0 |a stránky webové 
610 2 0 |a používatelia 
610 2 0 |a efektívnosť investícií 
610 2 0 |a zisk obchodný 
610 2 0 |a návratnosť investícií 
610 2 0 |a efektívnosť podnikania 
100 1 |a Miklošík, Andrej 
700 1 |a Kuchta, Martin, 1990- 
700 1 |a Žák, Štefan, 1971-